000 00776nam a2200253 i 4500
001 000026486
003 DO-SdBNP
005 20251219081531.0
007 ta
008 110321s2011 dr a 000 0 spa d
020 _a9789945460773
040 _aDO-SdBNP
_bspa
_cBNPHU
_erda
041 _aspa
082 4 _axxx
_bT629f
_222
100 1 _aTobías Beato, José,
_d1950-
_953558
_4aut.
_eautor
245 1 0 _aFlete sin destino /
_cJosé Tobías Beato.
264 _aSanto Domingo, República Dominicana :
_bEditorial Santuario,
_c2011.
300 _a111 páginas :
_bIlustraciones ;
_c22 cm.
336 _atexto
_btxt
_2rdacontent
337 _asin mediación
_bn
_2rdamedia
338 _avolumen
_bnc
_2rdacarrier
590 _aInventariado, 2025 /LP
942 _2ddc
_cLBS1
999 _c25978
_d25978